|
|
|
|
| LEADER |
00953naa a2200229 i 4500 |
| 001 |
acta73432 |
| 005 |
20211027155123.0 |
| 008 |
211027s2020 hu o 0|| hun d |
| 020 |
|
|
|a 978-615-6060-30-3
|
| 040 |
|
|
|a SZTE Egyetemi Kiadványok Repozitórium
|b hun
|
| 041 |
|
|
|a hun
|
| 100 |
1 |
|
|a Komáromi Sándor
|
| 245 |
1 |
0 |
|a Ágoston statisztikái
|h [elektronikus dokumentum] /
|c Komáromi Sándor
|
| 260 |
|
|
|c 2020
|
| 300 |
|
|
|a 134-136
|
| 490 |
0 |
|
|a Fejezetek a magyarországi társadalom- és szociálpolitika történetéből II. : szövegek a kiegyezéstől a rendszerváltásig (1867–1989)
|v 2
|
| 650 |
|
4 |
|a Társadalomtudományok
|
| 650 |
|
4 |
|a Szociológia
|
| 650 |
|
4 |
|a Bölcsészettudományok
|
| 650 |
|
4 |
|a Történettudomány és régészet
|
| 695 |
|
|
|a Zsidók története, Zsidókérdés
|
| 856 |
4 |
0 |
|u http://acta.bibl.u-szeged.hu/73432/1/2020_fejezetek_a_magyarorszagi_tarsadalom_es_szocialpolitika_tortenetebol_002_134-136.pdf
|z Dokumentum-elérés
|